Strength of dilating soil and load-holding capacity of deep foundations : (Record no. 1136)

000 -LEADER
fixed length control field 00527 a2200145 4500
020 ## - INTERNATIONAL STANDARD BOOK NUMBER
International Standard Book Number 9054101644
082 ## - DEWEY DECIMAL CLASSIFICATION NUMBER
Classification number 624.15136 SOB
100 ## - MAIN ENTRY--PERSONAL NAME
Personal name Sobolevsky, Dmitry Yu.,
245 ## - TITLE STATEMENT
Title Strength of dilating soil and load-holding capacity of deep foundations :
Remainder of title introduction to theory and practical application /
Statement of responsibility, etc. Dmitry Yu. Sobolevsky.
260 ## - PUBLICATION, DISTRIBUTION, ETC.
Place of publication, distribution, etc. Rotterdam ;
-- Brookfield, Vt. :
Name of publisher, distributor, etc. A.A. Balkema,
Date of publication, distribution, etc. 1995.
300 ## - PHYSICAL DESCRIPTION
Extent x, 244 p. :
Other physical details ill. ;
Dimensions 25 cm.
650 ## - SUBJECT ADDED ENTRY--TOPICAL TERM
Topical term or geographic name entry element Soils
General subdivision Testing.
650 ## - SUBJECT ADDED ENTRY--TOPICAL TERM
Topical term or geographic name entry element Swelling soils.
650 ## - SUBJECT ADDED ENTRY--TOPICAL TERM
Topical term or geographic name entry element Soil mechanics.
650 ## - SUBJECT ADDED ENTRY--TOPICAL TERM
Topical term or geographic name entry element Foundations.
Holdings
Withdrawn status Lost status Damaged status Not for loan Permanent Location Current Location Shelving location Date acquired Total Checkouts Full call number Barcode Date last seen Price effective from Koha item type
        School of Civil and Environmental Engineering (SCEE) School of Civil and Environmental Engineering (SCEE)       624.15136 SOB NIT-494 01/05/2017 01/05/2017 Book
        School of Civil and Environmental Engineering (SCEE) School of Civil and Environmental Engineering (SCEE)         NIT-635 01/05/2017 01/05/2017 Book
© 2023 Central Library, National University of Sciences and Technology. All Rights Reserved.